[Event "Madrid Chamartin op 3rd"]
[Site "Madrid"]
[Date "2014.09.11"]
[Round "6"]
[White "Perez Mitjans, Orelvis"]
[Black "Roa Alonso, Santiago"]
[Result "1-0"]
[WhiteElo "2440"]
[BlackElo "2397"]
[PlyCount "68"]
[EventDate "2014.09.07"]
[EventType "swiss"]
[EventRounds "9"]
[EventCountry "ESP"]
[SourceTitle "CBM 162 Extra"]
[Source "ChessBase"]
[SourceDate "2014.10.17"]
[SourceVersion "1"]
[SourceVersionDate "2014.10.17"]
[SourceQuality "1"]

1. e4 e5 2. Nf3 Nc6 3. Bb5 a6 4. Ba4 Nf6 5. d3 b5 6. Bb3 Be7 7. 0-0 d6 8. c3 0-0 9. Re1 Re8 10. Ng5 Rf8 11. Nd2 Bg4 12. Ngf3 Na5 13. Bc2 c5 14. h3 Bd7 15. Nf1 Re8 16. Ng3 Qc7 17. Bg5 h6 18. Bd2 Bf8 19. d4 Nc4 20. Bc1 cxd4 21. cxd4 Rac8 22. Re2 exd4 23. Nxd4 d5 24. b3 Na3 25. Bd3 Bc5 26. Bb2 dxe4 27. Nxe4 Nxe4 28. Bxe4 Rcd8 29. Qd3 Bc6 30. Rc1 Bxe4 31. Rxe4 Qd6 32. Rg4 g6 33. Qf3 Re5 34. Nc6 Qc7 1-0

[Event "Madrid Chamartin op 3rd"]
[Site "Madrid"]
[Date "2014.09.09"]
[Round "4"]
[White "Aziz Ortego, Omar Luis"]
[Black "Roa Alonso, Santiago"]
[Result "0-1"]
[WhiteElo "2094"]
[BlackElo "2397"]
[PlyCount "96"]
[EventDate "2014.09.07"]
[EventType "swiss"]
[EventRounds "9"]
[EventCountry "ESP"]
[SourceTitle "CBM 162 Extra"]
[Source "ChessBase"]
[SourceDate "2014.10.17"]
[SourceVersion "1"]
[SourceVersionDate "2014.10.17"]
[SourceQuality "1"]

1. d4 Nf6 2. c4 e6 3. a3 d5 4. Nc3 c5 5. cxd5 exd5 6. Nf3 Nc6 7. Bg5 Be6 8. e3 h6 9. Bh4 c4 10. Ne5 Be7 11. Qa4 Qa5 12. Be2 Qxa4 13. Nxa4 g5 14. Nxc6 bxc6 15. Bg3 Ne4 16. Bc7 Kd7 17. Ba5 g4 18. Nc3 f5 19. Nxe4 fxe4 20. Bd1 Rab8 21. Bc3 h5 22. Rc1 h4 23. Rc2 Bg5 24. Re2 g3 25. hxg3 hxg3 26. Rxh8 Rxh8 27. fxg3 Bg4 28. Kf2 Bxe2 29. Kxe2 Be7 30. Kf2 Rf8+ 31. Kg1 Bg5 32. Bg4+ Kc7 33. Ba5+ Kb7 34. Bd2 Rf6 35. Bd7 Kb6 36. g4 a5 37. Bf5 c3 38. bxc3 Kb5 39. Kf2 Kc4 40. Ke2 a4 41. Be1 Kb3 42. Bg3 Kxa3 43. c4 Kb3 44. Be5 a3 45. Bxf6 Bxf6 46. Bd7 a2 47. Bxc6 dxc4 48. Bxe4 a1Q 0-1

[Event "Madrid-chT 1314"]
[Site "Madrid"]
[Date "2014.01.12"]
[Round "5.31"]
[White "Alcazar Jimenez, Victor Manuel"]
[Black "Roa Alonso, Santiago"]
[Result "1-0"]
[WhiteElo "2368"]
[BlackElo "2401"]
[PlyCount "104"]
[EventDate "2013.11.16"]
[EventType "team-tourn"]
[EventRounds "14"]
[EventCountry "ESP"]
[SourceTitle "EXT 2015"]
[Source "ChessBase"]
[SourceDate "2014.11.20"]
[SourceVersion "1"]
[SourceVersionDate "2014.11.20"]
[SourceQuality "1"]
[WhiteTeam "Blanco y Negro"]
[BlackTeam "Vallecas CDV"]
[WhiteTeamCountry "ESP"]
[BlackTeamCountry "ESP"]

1. c4 e5 2. g3 Nc6 3. Bg2 f5 4. Nc3 Nf6 5. e3 Be7 6. Nge2 0-0 7. 0-0 d6 8. d4 Qe8 9. f4 e4 10. a3 Na5 11. b3 c6 12. Bd2 Bd8 13. Nc1 d5 14. c5 b6 15. Na4 Nb7 16. cxb6 axb6 17. Bb4 Rf7 18. Na2 Bd7 19. Rc1 c5 20. dxc5 Bxa4 21. bxa4 bxc5 22. Bxc5 Nxc5 23. Rxc5 Bb6 24. Rc3 Ng4 25. Re1 d4 26. exd4 Rd8 27. Rc4 Rxd4 28. Rxd4 Qd7 29. Bf1 Bxd4+ 30. Kg2 Ne3+ 31. Rxe3 Bxe3 32. Qb3 Qd2+ 33. Kh3 g5 34. Bc4 g4+ 35. Kh4 Qd8+ 36. Kh5 Qf6 37. Bxf7+ Qxf7+ 38. Qxf7+ Kxf7 39. Nc3 Ke6 40. a5 Bd4 41. Ne2 Bc5 42. a6 e3 43. Kg5 Ba7 44. a4 Bc5 45. a5 Ba7 46. Kh6 Kd5 47. Kxh7 Ke4 48. Kg6 Kf3 49. Nc3 Bd4 50. Kxf5 Bxc3 51. a7 e2 52. a8Q+ Kf2 1-0

[Event "Madrid-chT 1314"]
[Site "Madrid"]
[Date "2013.12.15"]
[Round "4.41"]
[White "Roa Alonso, Santiago"]
[Black "Moreno Trujillo, Alejandro"]
[Result "1-0"]
[WhiteElo "2401"]
[BlackElo "2541"]
[PlyCount "109"]
[EventDate "2013.11.16"]
[EventType "team-tourn"]
[EventRounds "14"]
[EventCountry "ESP"]
[SourceTitle "EXT 2015"]
[Source "ChessBase"]
[SourceDate "2014.11.20"]
[SourceVersion "1"]
[SourceVersionDate "2014.11.20"]
[SourceQuality "1"]
[WhiteTeam "Vallecas CDV"]
[BlackTeam "Villalba 64"]
[WhiteTeamCountry "ESP"]
[BlackTeamCountry "ESP"]

1. e4 e6 2. d4 d5 3. Nc3 Bb4 4. e5 c5 5. a3 Bxc3+ 6. bxc3 Qa5 7. Bd2 Qa4 8. Qb1 c4 9. f4 Nc6 10. Nf3 Bd7 11. Be2 0-0-0 12. 0-0 f6 13. g3 Nge7 14. Nh4 Rhg8 15. Ng2 Rdf8 16. Qb2 Be8 17. Ne3 Qa5 18. Rad1 h6 19. a4 Kb8 20. Qa3 Nc8 21. exf6 gxf6 22. f5 e5 23. dxe5 Nxe5 24. Be1 Bc6 25. Qb4 Qxb4 26. cxb4 Bxa4 27. Rxd5 Nb6 28. Rd4 Re8 29. Bf2 Re7 30. Rd6 Rf8 31. g4 Nc8 32. Re6 Rfe8 33. Bg3 Rxe6 34. fxe6 Rxe6 35. Rxf6 Rxf6 36. Bxe5+ Rd6 37. Nxc4 Kc7 38. Bd3 Kd7 39. Nxd6 Nxd6 40. Bf4 Nf7 41. h4 Ke7 42. Kf2 Bd7 43. Kg3 a6 44. Be4 Bc8 45. c4 Kf6 46. c5 Ne5 47. g5+ hxg5 48. hxg5+ Ke6 49. g6 Nxg6 50. Bxg6 Kd5 51. Bc7 Bd7 52. Kf4 Kd4 53. Be4 Bc8 54. Ba5 Kc4 55. Ke5 1-0

[Event "San Sebastian de los Reyes op 15th"]
[Site "San Sebastian"]
[Date "2013.12.07"]
[Round "8"]
[White "Roa Alonso, Santiago"]
[Black "Aziz Ortego, Omar Luis"]
[Result "1-0"]
[WhiteElo "2401"]
[BlackElo "2037"]
[PlyCount "187"]
[EventDate "2013.11.30"]
[EventType "swiss"]
[EventRounds "9"]
[EventCountry "ESP"]
[SourceTitle "CBM 157 Extra"]
[Source "ChessBase"]
[SourceDate "2013.12.19"]
[SourceVersion "1"]
[SourceVersionDate "2013.12.19"]
[SourceQuality "1"]

1. e4 c5 2. Nf3 d6 3. d4 cxd4 4. Nxd4 Nf6 5. Nc3 a6 6. Be2 Nbd7 7. f4 g6 8. 0-0 Bg7 9. Kh1 0-0 10. Bf3 Qc7 11. a4 Rb8 12. Be3 b6 13. e5 dxe5 14. Nc6 exf4 15. Nxe7+ Kh8 16. Ned5 Nxd5 17. Nxd5 Qd8 18. Bxf4 Ne5 19. Nb4 Bd7 20. Qd6 Re8 21. Bd5 a5 22. Bxf7 Nxf7 23. Qxb8 Qxb8 24. Bxb8 Rxb8 25. Rxf7 Be8 26. Na6 Rd8 27. Rb7 Bxb2 28. Rf1 Bxa4 29. Rxb6 Bd4 30. Rb8 Rxb8 31. Nxb8 Bxc2 32. Nc6 Bb6 33. Rf8+ Kg7 34. Rb8 Be3 35. Nxa5 h5 36. Re8 Bb6 37. Nc4 Bd4 38. Nd6 h4 39. Re2 Bb1 40. Re1 Bc2 41. Rc1 Bb3 42. Rb1 Bc2 43. Rb4 Be5 44. Rb7+ Kf6 45. Rb6 Bd4 46. Rc6 Bf5 47. Nb5+ Ke5 48. Nxd4 Kxd4 49. h3 Ke3 50. Kg1 Kf4 51. Kf2 Kg5 52. Ke3 Bb1 53. Rc4 Bf5 54. Rf4 Bd7 55. Ke4 Bf5+ 56. Ke5 Bc8 57. Rc4 Bf5 58. Rc5 Bd3 59. Kd4+ Bf5 60. Ke3 Kf6 61. Kf4 g5+ 62. Ke3 Bg6 63. Rc6+ Kf5 64. Kd4 Bf7 65. Rc8 Kf6 66. Ke4 Bg6+ 67. Kd5 Bf7+ 68. Kd6 Bb3 69. Rf8+ Bf7 70. Kd7 Kg6 71. Ke7 Bd5 72. Rf6+ Kh5 73. Rf2 Kg6 74. Kd6 Bb7 75. Rb2 Ba8 76. Ke5 g4 77. Kf4 gxh3 78. gxh3 Bd5 79. Rb6+ Kg7 80. Kg5 Bg2 81. Kxh4 Bf1 82. Kg4 Be2+ 83. Kg5 Bf1 84. h4 Bc4 85. Rb7+ Bf7 86. Ra7 Kg8 87. Kh6 Bd5 88. Rd7 Be6 89. Rd8+ Kf7 90. Rd6 Bf5 91. Rd5 Kf6 92. Rd2 Bg4 93. Rf2+ Ke7 94. Kg6 1-0

[Event "San Sebastian de los Reyes op 15th"]
[Site "San Sebastian"]
[Date "2013.12.05"]
[Round "6"]
[White "Roa Alonso, Santiago"]
[Black "Esquivias Gomez, Francisco Javier"]
[Result "1/2-1/2"]
[WhiteElo "2401"]
[BlackElo "1978"]
[PlyCount "47"]
[EventDate "2013.11.30"]
[EventType "swiss"]
[EventRounds "9"]
[EventCountry "ESP"]
[SourceTitle "CBM 157 Extra"]
[Source "ChessBase"]
[SourceDate "2013.12.19"]
[SourceVersion "1"]
[SourceVersionDate "2013.12.19"]
[SourceQuality "1"]

1. e4 Nf6 2. e5 Nd5 3. d4 d6 4. Nf3 Bg4 5. Be2 e6 6. c4 Nb6 7. exd6 cxd6 8. Be3 Be7 9. Nc3 0-0 10. 0-0 a5 11. b3 d5 12. c5 Bxf3 13. Bxf3 N6d7 14. a3 Nc6 15. Rb1 b6 16. b4 axb4 17. axb4 bxc5 18. bxc5 Bf6 19. Nxd5 exd5 20. Bxd5 Rc8 21. Be4 Nxd4 22. Bxd4 Bxd4 23. Qxd4 Nxc5 24. Qxd8 1/2-1/2

[Event "San Sebastian de los Reyes op 15th"]
[Site "San Sebastian"]
[Date "2013.12.02"]
[Round "3"]
[White "De la Orden Alcocer, Alejandro"]
[Black "Roa Alonso, Santiago"]
[Result "0-1"]
[WhiteElo "1931"]
[BlackElo "2401"]
[PlyCount "82"]
[EventDate "2013.11.30"]
[EventType "swiss"]
[EventRounds "9"]
[EventCountry "ESP"]
[SourceTitle "CBM 157 Extra"]
[Source "ChessBase"]
[SourceDate "2013.12.19"]
[SourceVersion "1"]
[SourceVersionDate "2013.12.19"]
[SourceQuality "1"]

1. Nf3 Nf6 2. g3 d5 3. c4 dxc4 4. Qa4+ c6 5. Qxc4 e6 6. Bg2 Bd6 7. d3 0-0 8. 0-0 e5 9. Qc2 Re8 10. Nc3 Nbd7 11. Ng5 h6 12. Nge4 Nxe4 13. Nxe4 Bf8 14. Be3 Nf6 15. Nxf6+ Qxf6 16. Bc5 Bxc5 17. Qxc5 Bg4 18. Qc2 Rad8 19. Rfe1 a6 20. Qa4 Rd4 21. Qb3 Qe7 22. Rac1 Be6 23. Qc3 Qd7 24. Rc2 h5 25. h4 Bd5 26. e4 Bxa2 27. Re3 Be6 28. f4 exf4 29. gxf4 Bg4 30. Bf1 Qd6 31. Kg2 Re6 32. Rg3 Rf6 33. Rf2 c5 34. Qc1 Rg6 35. Qe3 Qe7 36. f5 Rb6 37. Qf4 f6 38. Rxg4 hxg4 39. Qxg4 c4 40. Qg3 Rb3 41. Rd2 Qxe4+ 0-1